| 000 | 00488nam a2200181Ia 4500 | ||
|---|---|---|---|
| 001 | 14010 | ||
| 005 | 20260306164843.0 | ||
| 008 | 260306t2005||||xx |||||||||||||| ||spa|| | ||
| 041 | _aESP | ||
| 082 |
_a005.8 _bM66 |
||
| 100 |
_aMitnick, Kevin D. _eAUT |
||
| 245 | 4 |
_aThe art of intrusion: _bthe real stories behind the exploits of hackers, intruders & deceivers |
|
| 260 | _c2005 | ||
| 300 |
_a270 páginas : _c23 cm. |
||
| 650 | _aGEN | ||
| 654 | _aCCC | ||
| 942 |
_cLIB _dJUS _fJUS _2ddc _n |
||
| 999 |
_c14010 _d14010 |
||